Análisis hidrotécnico del drenaje transversal para el diseño final de la pavimentación del corredor alterno turístico INTA - PROINCO intersección km 17 y medio carretera a Masaya.
Presenta el análisis hidrotécnico del drenaje transversal para el diseño final de la pavimentación del corredor alterno turístico INTA - PROINCO intersección km 17 y medio carretera a Masaya en el cual se realizó una caracterización de la cuenca mediante índices morfo métricos, así como d...
| Main Authors: | , |
|---|---|
| Other Authors: | |
| Format: | Tesis Section = Libro |
| Language: | Undetermined Spanish |
| Published: |
Managua
UNI
2009
|
| Subjects: |
| LEADER | 01358nam a2200277Ia 4500 | ||
|---|---|---|---|
| 008 | 240830s9999 xx 000 0 und d | ||
| 040 | |a BIBLIOTECA-RUPAP Mon 627 G192 | ||
| 041 | |a spa | ||
| 082 | |a Mon 627 G192 | ||
| 100 | 1 | |a Gámez Herrera, Yadira Isabel | |
| 100 | 1 | |b Gutiérrez Martínez, Cristian Alexander | |
| 245 | 1 | 0 | |a Análisis hidrotécnico del drenaje transversal para el diseño final de la pavimentación del corredor alterno turístico INTA - PROINCO intersección km 17 y medio carretera a Masaya. |
| 260 | |a Managua |b UNI |c 2009 | ||
| 300 | |a 66 p. :il. | ||
| 500 | |a Contiene: anexos. | ||
| 502 | |a Tesis (Ingeniero Civil)- UNI, 2009. | ||
| 520 | 3 | |a Presenta el análisis hidrotécnico del drenaje transversal para el diseño final de la pavimentación del corredor alterno turístico INTA - PROINCO intersección km 17 y medio carretera a Masaya en el cual se realizó una caracterización de la cuenca mediante índices morfo métricos, así como determinar por medio de un estudio hidrológico los caudales máximos y mínimos probables. | |
| 650 | 7 | |a ANALISIS HIDROLOGICO | |
| 650 | 7 | |b INGENIERIA HIDRAULICA | |
| 650 | 7 | |c OBRAS DE DRENAJE | |
| 650 | 7 | |d CONSTROL DE UNUNDACIONES | |
| 650 | 7 | |e ALCANTARILLAS | |
| 700 | 1 | |a Tutor: |b Lanza Mejía, Nestor Javier | |
| 942 | |c BK |2 ddc | ||
| 991 | |a TESIS | ||
| 999 | |c 16171 | ||